000 00398nam a2200145Ia 4500
008 100204s9999 xx 000 0 und d
082 _b4761
100 _aआपटे हरि नारायण
245 _aमी
260 _b"रम्यकथा प्रकाशन , पुणे"
_c1973 6
300 _a563
630 _aमी
730 _aमी
942 _cBOOK
999 _c449450
_d449447